| 000 | 00558nam a2200169 a 4500 | ||
|---|---|---|---|
| 001 | 000031800 | ||
| 005 | 20200930063206.0 | ||
| 008 | 110706s1984 cu 000 0 spa d | ||
| 040 |
_aDO-SdBNP _bspa _cBNPHU |
||
| 082 |
_axxx _bR696c |
||
| 100 | 1 |
_aRodríguez, Luís Felipe, _d1888-1947 _942001 |
|
| 245 | 1 | 0 |
_aCienaga y otros relatos / _cLui Felipe Rodríguez ; compilación, prólogo y notas Cira Romero. |
| 260 |
_aHabana, Cuba : _bLetras Cubanas, _c1984. |
||
| 300 |
_a554 p. , ; _c24 cm. |
||
| 700 | 1 |
_aRomero, Cira, _ecomp., _epról. _958019 |
|
| 049 | _aBNPD | ||
| 999 |
_c31292 _d31292 |
||